000 00402nam a2200145Ia 4500
008 211109s9999||||xx |||||||||||||| ||und||
082 _a894.8123
_bMOH-N
100 _aMohanan, N
245 0 _aNinte Katha(enteyum)
260 _bSAHITHYA PRVARTHAKA SANGHAM
_aKottayam
_c1969
300 _a116p.
630 _xGeneral Stack
650 _aMALAYALAM LITERATURE
_vMALAYALAM NOVEL
_xMalayalam
942 _cBOOK
999 _c20311
_d20311